Maths pour les nuls #4 - Statistiques

Statistiques générales
  • Ce quiz a été pris 115 fois
  • Le résultat moyen est 49 sur 50
Statistiques - réponses
Hint Réponse % Correct
6x2 12
100%
6x3 18
100%
9x2 18
100%
6x4 24
100%
8x3 24
100%
6x1 6
100%
6x5 30
99%
10x3 30
99%
6x6 36
98%
9x4 36
98%
6x7 42
98%
7x6 42
98%
6x8 48
98%
8x6 48
98%
6x9 54
98%
9x6 54
98%
6x10 60
98%
10x6 60
98%
7x1 7
98%
9x1 9
98%
10x1 10
97%
10x10 100
97%
7x2 14
97%
10x2 20
97%
7x3 21
97%
7x4 28
97%
7x5 35
97%
8x5 40
97%
10x4 40
97%
9x5 45
97%
10x5 50
97%
7x10 70
97%
10x7 70
97%
8x1 8
97%
8x10 80
97%
10x8 80
97%
9x10 90
97%
10x9 90
97%
8x2 16
96%
8x4 32
96%
7x7 49
96%
7x8 56
96%
8x7 56
96%
7x9 63
96%
9x7 63
96%
9x9 81
96%
8x9 72
95%
9x8 72
95%
9x3 27
94%
8x8 64
94%
Aucun quiz correspondant
Distribution des résultats
% des personnes avec chaque résultat
Percentile par nombre de réponses
Votre historique - résultats
Vous n’avez pas pris ce quiz